Thermodynamics (Record no. 7801)

000 -LEADER
fixed length control field 00495nam a22002057a 4500
001 - CONTROL NUMBER
control field 7801
003 - CONTROL NUMBER IDENTIFIER
control field BD-DhUET
008 - FIXED-LENGTH DATA ELEMENTS--GENERAL INFORMATION
fixed length control field 141212b xxu||||| |||| 00| 0 eng d
040 ## - CATALOGING SOURCE
Transcribing agency 0
Modifying agency BD-DhUET
082 ## - DEWEY DECIMAL CLASSIFICATION NUMBER
Classification number 621.01
Item number OBE/1963
100 ## - MAIN ENTRY--PERSONAL NAME
Personal name Obert, Edward F.
245 ## - TITLE STATEMENT
Title Thermodynamics
250 ## - EDITION STATEMENT
Edition statement 2nd ed.
260 ## - PUBLICATION, DISTRIBUTION, ETC. (IMPRINT)
Place of publication, distribution, etc. New York
Name of publisher, distributor, etc. McGraw-Hill Book
Date of publication, distribution, etc. 1963
300 ## - PHYSICAL DESCRIPTION
Extent xxi,596p.
504 ## - BIBLIOGRAPHY, ETC. NOTE
Bibliography, etc Includes bibliographies
650 #0 - SUBJECT ADDED ENTRY--TOPICAL TERM
Topical term or geographic name as entry element Thermodynamics
700 ## - ADDED ENTRY--PERSONAL NAME
Personal name Gaggioli, Richard A.
942 ## - ADDED ENTRY ELEMENTS (KOHA)
Koha item type General Book
Holdings
Koha item type Not for loan Koha date last seen Copy number Koha normalized classification for sorting Location (home branch) Sublocation or collection (holding branch) Damaged status Piece designation (barcode) Shelving location Koha full call number Price effective from Source of classification or shelving scheme Withdrawn status Lost status Date acquired
General Book 2014-12-121621_010000000000000_OBE_1963Central Library, BUETCentral Library, BUET 6402Circulation section621.01/OBE/19632014-12-12   2014-12-12
General Book 2014-12-122621_010000000000000_OBE_1963Central Library, BUETCentral Library, BUET 6403Circulation section621.01/OBE/19632014-12-12   2014-12-12
General Book 2014-12-123621_010000000000000_OBE_1963Central Library, BUETCentral Library, BUET 15731Circulation section621.01/OBE/19632014-12-12   2014-12-12
General Book 2014-12-124621_010000000000000_OBE_1963Central Library, BUETCentral Library, BUET 18703Circulation section621.01/OBE/19632014-12-12   2014-12-12
General Book 2014-12-125621_010000000000000_OBE_1963Central Library, BUETCentral Library, BUET 18706Circulation section621.01/OBE/19632014-12-12   2014-12-12
General Book 2014-12-126621_010000000000000_OBE_1963Central Library, BUETCentral Library, BUET 18708Circulation section621.01/OBE/19632014-12-12   2014-12-12
General Book 2014-12-127621_010000000000000_OBE_1963Central Library, BUETCentral Library, BUET 18705Circulation section621.01/OBE/19632014-12-12   2014-12-12
General Book 2014-12-128621_010000000000000_OBE_1963Central Library, BUETCentral Library, BUET 18702Circulation section621.01/OBE/19632014-12-12   2014-12-12
General Book 2015-04-129621_010000000000000_OBE_1963Central Library, BUETCentral Library, BUET 18707Circulation section621.01/OBE/19632015-04-12   2015-04-12